[Event "Crete Poa op"]
[Site "Crete"]
[Date "2012.04.28"]
[Round "5"]
[White "Agnanti, Danai Kalliopi"]
[Black "Mastoraki, Despoina"]
[Result "1-0"]
[WhiteElo "1702"]
[BlackElo "1000"]
[PlyCount "55"]
[EventDate "2012.04.26"]
[EventType "swiss"]
[EventRounds "7"]
[EventCountry "GRE"]
[SourceTitle "EXT 2024"]
[Source "ChessBase"]
[SourceDate "2023.10.10"]
[SourceVersion "1"]
[SourceVersionDate "2023.10.10"]
[SourceQuality "1"]

1. e4 e5 2. Nf3 Nc6 3. d4 exd4 4. Nxd4 Nxd4 5. Qxd4 c5 6. Qd1 Ne7 7. Bc4 g6 8. Qf3 f5 9. Qc3 Bg7 10. Qxg7 Rf8 11. Bh6 d6 12. Qxf8+ Kd7 13. Qxd8+ Kxd8 14. Bg5 Ke8 15. 0-0 Nc6 16. Bb5 Bd7 17. exf5 Nd4 18. Bxd7+ Kxd7 19. Nc3 gxf5 20. Rad1 Nxc2 21. Be3 Nxe3 22. fxe3 a5 23. Rxf5 b6 24. Nd5 Ke6 25. Rf6+ Ke5 26. e4 b5 27. Rf7 c4 28. Re7# 1-0